Statistics for Riga Airport destinations

Click here to take the quiz!

General Stats

  • This quiz has been taken 203 times
    (180 since last reset)
  • The average score is 39 of 51

Answer Stats

CountryAnswer% Correct
UkLondon
98%
NorwayOslo
97%
DenmarkCopenhagen
96%
FinlandHelsinki
96%
UkManchester
95%
RussiaMoscow
95%
GermanyBerlin
94%
USANew York
94%
SwedenStockholm
94%
AustriaVienna
94%
BelgiumBrussels
93%
IrelandDublin
93%
BelarusMinsk
93%
Czech RepublicPrague
93%
ItalyRome
93%
NetherlandsAmsterdam
92%
TurkeyIstanbul
92%
LithuaniaVilnius
92%
HungaryBudapest
91%
GermanyMunich
91%
FranceParis
91%
PolandWarsaw
91%
SpainBarcelona
90%
ItalyMilan
90%
SwitzerlandZurich
90%
GermanyFrankfurt
89%
EstoniaTallinn
89%
IsraelTel Aviv
89%
NorwayBergen
87%
GermanyHamburg
86%
UkraineKiev
86%
UkGlasgow
85%
GeorgiaTbilisi
79%
UkLiverpool
75%
UzbekistanTashkent
75%
AustriaSalzburg
73%
GermanyCologne
70%
UkLeeds
70%
NorwayTrondheim
63%
CyprusLarnaca
61%
NetherlandsEindhoven
60%
FinlandTurku
57%
GermanyBremen
52%
DenmarkBillund
46%
RussiaSaint Petersburg
45%
GermanyDortmund
42%
ItalyVerona
31%
LithuaniaPalanga
30%
UkNottingham
29%
UkDoncaster
23%
SlovakiaPoprad
20%

Score Distribution

Percentile by Number Answered

Percent of People with Each Score

Your Score History

You have not taken this quiz since the last reset